| 000 | 00478nam a2200181Ia 4500 | ||
|---|---|---|---|
| 003 | LK-CoDNM | ||
| 008 | 010623t1994 xxu||||| |||| 00| 1 sin d | ||
| 040 |
_aLK-CoDNM _dLK-CoDNM _eLK-CoDNM |
||
| 041 | _asin | ||
| 080 | _a159.9 WEE | ||
| 100 | _aWeerasekara,Upali Bandara. | ||
| 245 | _aකාලෙකට පස්සෙ | ||
| 246 | _aKaalekata Passe | ||
| 260 |
_bNishantha Publications _aGanemulla _c1994 |
||
| 300 | _b80p., 21 cm | ||
| 650 | _aPsychology | ||
| 942 | _cBK | ||
| 999 |
_c116557 _d116557 |
||